Joint risks and rewards (Record no. 74939)

MARC details
000 -LEADER
fixed length control field 01053cam a2200205 4500
001 - CONTROL NUMBER
control field ABS68796
008 - FIXED-LENGTH DATA ELEMENTS--GENERAL INFORMATION
fixed length control field 050317n2005 000 0 eng u
035 ## - SYSTEM CONTROL NUMBER
System control number (Sirsi) u129085
100 ## - MAIN ENTRY--PERSONAL NAME
Personal name Patterson, L.
245 ## - TITLE STATEMENT
Title Joint risks and rewards
260 ## - PUBLICATION, DISTRIBUTION, ETC.
Date of publication, distribution, etc. 2005
490 ## - SERIES STATEMENT
Series statement Construction News
Volume/sequential designation (6906) 3 March 2005, 28(1)
520 ## - SUMMARY, ETC.
Summary, etc. A growing number of contractors are entering into joint ventures where two or more parties come together to undertake a specific project or a series of projects. There are three important documents here, the Articles of Association, the shareholder's agreement and the ancillary agreement. There is always a need for clear roles, with provisions made for dealing with problems such as non-realisation of income or profit and agreements must also provide for remedies in the event that one of the parties in the agreement does not perform.
590 ## - LOCAL NOTE (RLIN)
Local note ABS
650 ## - SUBJECT ADDED ENTRY--TOPICAL TERM
Topical term or geographic name entry element JOINT VENTURES
650 ## - SUBJECT ADDED ENTRY--TOPICAL TERM
Topical term or geographic name entry element PROPERTY DEVELOPMENT
650 ## - SUBJECT ADDED ENTRY--TOPICAL TERM
Topical term or geographic name entry element Contracts
9 (RLIN) 6232
690 ## - LOCAL SUBJECT ADDED ENTRY--TOPICAL TERM (OCLC, RLIN)
Topical term or geographic name as entry element BUILDING AND CONSTRUCTION-LAW
942 ## - ADDED ENTRY ELEMENTS (KOHA)
Suppress in OPAC 0
Holdings
Withdrawn status Lost status Source of classification or shelving scheme Damaged status Not for loan Home library Current library Shelving location Date acquired Total Checkouts Full call number Barcode Date last seen Copy number Price effective from Koha item type
    Dewey Decimal Classification     London London Journal article 17/03/2005   ABS68796 129085-1001 06/08/2019 1 06/08/2019 Journal article